[Event "Let´s train those brainmuscles"]
[Site "SchemingMind.com"]
[Date "2010.03.28"]
[Round "-"]
[White "keen"]
[Black "Gabi1"]
[Result "1-0"]
[WhiteCountry "SCO"]
[BlackCountry "GER"]
[WhiteElo "1642"]
[WhiteRD "63"]
[BlackElo "1501"]
[BlackRD "72"]
[GameID "243460"]

1. e4 e6 2. d4 d5 3. e5 c5 4. c3 Nc6 5. Nf3 Qb6 6. Bd3 cxd4 7. cxd4 Bd7 8. O-O Nxd4 9. Ng5 Nc6 10. Qf3 Nxe5
11. Qf4 Bd6 12. Bxh7 Nf6 13. Re1 Nd3 14. Qe3 Nxe1 15. Qxe1 Nxh7 16. Nf3 Nf6 17. Nc3 e5 18. Nxe5 O-O 19. Nxd7 Nxd7 20. Nxd5 Rfe8
21. Be3 Qxb2 22. Qd1 Re5 23. Bd4 Qe2 24. Bxe5 Qxe5 25. g3 Nf6 26. Nxf6+ Qxf6 27. Rc1 Rd8 28. Qb3 b6 29. Qc2 Ba3 30. Re1 Bb4
31. Re4 Rd4 32. Re8+ Bf8 33. Qc8 Qd6 34. Qb7 Qf6 35. Qc8 Qd6 36. Qa8 Qc5 37. Qb7 Rd2 38. Qf3 f6 39. Qb3+ Kh8 40. Qf3 Kg8
41. Ra8 a5 42. Qb3+ Kh7 43. Qf3 g5 44. Ra7+ Kh6 45. Qxf6+ Kh5 46. Rh7+
1-0

[Event "Let´s train those brainmuscles"]
[Site "SchemingMind.com"]
[Date "2010.03.29"]
[Round "-"]
[White "saxondom"]
[Black "Gabi1"]
[Result "0-1"]
[WhiteCountry "HUN"]
[BlackCountry "GER"]
[WhiteElo "1201"]
[WhiteRD "85"]
[BlackElo "1497"]
[BlackRD "70"]
[GameID "243461"]

1. e4 e6 2. d4 d5 3. e5 c5 4. c3 Nc6 5. Nf3 Qb6 6. Bd3 cxd4 7. cxd4 Bd7 8. O-O Nxd4 9. Nxd4 Qxd4 10. Nc3 Qxe5
11. Re1 Qd6 12. Nb5 Qb6 13. Be3 Bc5 14. Rc1 Rc8 15. Qd2 Bxb5 16. b4 Bxe3 17. fxe3 Rxc1 18. Bxb5+ Qxb5 19. Qxc1 Ne7 20. a3 O-O
21. h3 Rc8 22. Qd2 Nf5 23. g4 Nh4 24. Qf2 g5 25. Qf6 Rc2 26. Qxg5+ Ng6 27. Qd8+ Nf8 28. g5 Qc4 29. g6 hxg6 30. Rf1 Qe2
31. Qf6 Qg2#
0-1

[Event "Let´s train those brainmuscles"]
[Site "SchemingMind.com"]
[Date "2010.04.01"]
[Round "-"]
[White "Queeny"]
[Black "Gabi1"]
[Result "1-0"]
[WhiteCountry "ENG"]
[BlackCountry "GER"]
[WhiteElo "1624"]
[WhiteRD "66"]
[BlackElo "1501"]
[BlackRD "72"]
[GameID "243462"]

1. e4 e6 2. d4 d5 3. e5 c5 4. c3 Nc6 5. Nf3 Qb6 6. Bd3 cxd4 7. cxd4 Bd7 8. O-O Nxd4 9. Nxd4 Qxd4 10. Qe2 f6
11. exf6 Nxf6 12. Bb5 Bd6 13. Bxd7+ Kxd7 14. Re1 Bxh2+ 15. Kxh2 Qh4+ 16. Kg1 Ng4 17. Qxe6+ Kc7 18. Bf4+ Kd8 19. Qd6+ Kc8 20. Qc7#
1-0

[Event "Let´s train those brainmuscles"]
[Site "SchemingMind.com"]
[Date "2010.04.02"]
[Round "-"]
[White "janez"]
[Black "Gabi1"]
[Result "1-0"]
[WhiteCountry "SLO"]
[BlackCountry "GER"]
[WhiteElo "1566"]
[WhiteRD "84"]
[BlackElo "1493"]
[BlackRD "69"]
[GameID "243463"]

1. e4 e6 2. d4 d5 3. e5 c5 4. c3 Nc6 5. Nf3 Qb6 6. Bd3 cxd4 7. cxd4 Bd7 8. O-O Nxd4 9. Nxd4 Qxd4 10. Nc3 Qxe5
11. Re1 Qd6 12. Qb3 Qb6 13. Qxb6 axb6 14. Nxd5 Bc5 15. Nc7+ Ke7 16. Nxa8 Nf6 17. Nc7 Ng4 18. Nd5+ Kd6 19. Ne3 f5 20. Nxg4 fxg4
21. Be4 Rf8 22. Be3 g6 23. Bxc5+ bxc5 24. Rad1+ Ke7 25. b3 b5 26. Rd2 Rd8 27. Rc2 Rc8 28. b4 c4 29. f3 gxf3 30. gxf3 Bc6
31. Bxc6 Rxc6 32. Re5 Rb6 33. Kf2 h5 34. h4 Kd6 35. Rce2 Kd7 36. Kg3 c3 37. Rc2 Kd6 38. f4 Ra6 39. Kf3 g5 40. fxg5 Kxe5
41. Rxc3 Rxa2 42. Rc5+ Kd4 43. Rxb5 e5 44. Rb8 Ra3+ 45. Ke2 Kc4 46. g6 Rg3 47. Rb6 Rg4 48. Re6 Kxb4 49. Rxe5 Rxh4 50. Rg5 Re4+
51. Kf3 Re8 52. Rxh5 Rg8 53. Rg5 Kc4 54. Kf4 Kd4 55. Kf5 Rxg6 56. Rxg6 Kc4= 57. Rd6 Kc5 58. Rd1 Kc4 59. Ke5 Kc5 60. Rc1+ Kb6
61. Kd5 Ka5 62. Rb1 Ka4 63. Kc5 Ka3 64. Kc4 Ka2 65. Rb8 Ka3 66. Kd4 Ka4 67. Kc5 Ka3 68. Kc4 Ka2 69. Kc3 Ka1 70. Kc2 Ka2
71. Ra8#
1-0

[Event "Let´s train those brainmuscles"]
[Site "SchemingMind.com"]
[Date "2010.04.01"]
[Round "-"]
[White "lemmie"]
[Black "Gabi1"]
[Result "1-0"]
[WhiteCountry "NED"]
[BlackCountry "GER"]
[WhiteElo "1577"]
[WhiteRD "55"]
[BlackElo "1501"]
[BlackRD "72"]
[GameID "243464"]

1. e4 e6 2. d4 d5 3. e5 c5 4. c3 Nc6 5. Nf3 Qb6 6. Bd3 cxd4 7. cxd4 Bd7 8. O-O Nxd4 9. Nxd4 Qxd4 10. Qe2 Bc5
11. Nc3 Ne7 12. Be3 Qb4 13. Bxc5 Qxc5 14. Rac1 Qd4 15. Rfd1 Qh4 16. Bb5 Bxb5 17. Nxb5 O-O 18. Nd6 Nf5 19. Nxf5 exf5 20. Rxd5 Rac8
21. Rcd1 b6 22. R5d4 Qg5 23. h3 h5 24. e6 Rfe8 25. exf7+ Kxf7 26. Rd7+ Kg8 27. Qf3 h4 28. Rxa7 Kh7 29. Rad7 Kh6 30. a3 Rc1
31. Rd6+ Kh7 32. Rxc1 Qxc1+ 33. Kh2 Re4 34. Qxf5+ Kg8 35. Rd8+
1-0

[Event "Let´s train those brainmuscles"]
[Site "SchemingMind.com"]
[Date "2010.03.29"]
[Round "-"]
[White "Schaakmaatje"]
[Black "Gabi1"]
[Result "1-0"]
[WhiteCountry "NED"]
[BlackCountry "GER"]
[WhiteElo "1762"]
[WhiteRD "46"]
[BlackElo "1497"]
[BlackRD "70"]
[GameID "243465"]

1. e4 e6 2. d4 d5 3. e5 c5 4. c3 Nc6 5. Nf3 Qb6 6. Bd3 cxd4 7. cxd4 Bd7 8. O-O Nxd4 9. Nxd4 Qxd4 10. Nc3 Qxe5
11. Re1 Qf6 12. Nxd5 Qd8 13. Bf4 Rc8 14. Rc1 Bc6 15. Nc7+ Rxc7 16. Bxc7 Qxc7 17. Bb5 Bd6 18. h3 Nf6 19. Qb3 O-O 20. Qe3 Ne4
21. Bxc6 Bc5 22. Qxe4 Qxc6 23. Qxc6 Bxf2+ 24. Kxf2 bxc6 25. Rxc6 g5 26. Rd1 e5 27. Rf6 e4 28. Ke3 Kg7 29. Rdd6 Rc8 30. Rf2 Rf8
31. Kxe4 f6 32. Rd7+ Kg6 33. g4 a5 34. b3 Rc8 35. Rd6 Rf8 36. Rf5 Re8+ 37. Kd3 Rf8 38. Rxa5 h5 39. Rf5 hxg4 40. hxg4 Rf7
41. a4
1-0

[Event "Let´s train those brainmuscles"]
[Site "SchemingMind.com"]
[Date "2010.03.31"]
[Round "-"]
[White "Imre030"]
[Black "Gabi1"]
[Result "1-0"]
[WhiteCountry "HUN"]
[BlackCountry "GER"]
[WhiteElo "1264"]
[WhiteRD "87"]
[BlackElo "1501"]
[BlackRD "72"]
[GameID "243466"]

1. e4 e6 2. d4 d5 3. e5 c5 4. c3 Nc6 5. Nf3 Qb6 6. Bd3 cxd4 7. cxd4 Bd7 8. O-O Nxd4 9. Be3 Qxb2 10. Nbd2 Nxf3+
11. Nxf3 Bb5 12. Bd4 Qb4 13. a3 Qa4 14. Rb1 Bxd3 15. Qxa4+ Kd8 16. Rxb7
1-0